LEADER 01594oam 2200505zu 450 001 9910130957903321 005 20210721053836.0 010 $a1-4443-5444-2 035 $a(CKB)3460000000080882 035 $a(SSID)ssj0000571181 035 $a(PQKBManifestationID)11931401 035 $a(PQKBTitleCode)TC0000571181 035 $a(PQKBWorkID)10617476 035 $a(PQKB)10862841 035 $a(MiAaPQ)EBC822659 035 $a(EXLCZ)993460000000080882 100 $a20160829d2012 uy 101 0 $aeng 181 $ctxt 182 $cc 183 $acr 200 14$aThe psychological wealth of nations : do happy people make a happy society? 210 31$a[Place of publication not identified]$cWiley Blackwell$d2012 225 0 $aContemporary social issues The psychological wealth of nations 300 $aBibliographic Level Mode of Issuance: Monograph 311 $a1-4051-9211-9 606 $aHappiness$xSocial aspects 606 $aHappiness 606 $aSocial Sciences$2HILCC 606 $aSociology & Social History$2HILCC 606 $aPsychology$2HILCC 606 $aSocial Conditions$2HILCC 615 0$aHappiness$xSocial aspects 615 0$aHappiness 615 7$aSocial Sciences 615 7$aSociology & Social History 615 7$aPsychology 615 7$aSocial Conditions 676 $a152.4/2 700 $aOishi$b Shigehiro$0868459 801 0$bPQKB 906 $aBOOK 912 $a9910130957903321 996 $aThe psychological wealth of nations : do happy people make a happy society$91938645 997 $aUNINA LEADER 02969nam 2200637Ia 450 001 9910451352003321 005 20200520144314.0 010 $a1-281-37284-6 010 $a9786611372842 010 $a981-270-237-7 035 $a(CKB)1000000000334348 035 $a(EBL)296053 035 $a(OCoLC)476063108 035 $a(SSID)ssj0000097649 035 $a(PQKBManifestationID)11116712 035 $a(PQKBTitleCode)TC0000097649 035 $a(PQKBWorkID)10115786 035 $a(PQKB)11146019 035 $a(MiAaPQ)EBC296053 035 $a(WSP)00005672 035 $a(Au-PeEL)EBL296053 035 $a(CaPaEBR)ebr10174032 035 $a(EXLCZ)991000000000334348 100 $a20050325d2004 uy 0 101 0 $aeng 135 $aur|n|---||||| 181 $ctxt 182 $cc 183 $acr 200 10$aAdvanced courses of mathematical analysis I$b[electronic resource] $eproceedings of the first international school : Ca?diz, Spain, 22-27 September 2002 /$feditors, A. Aizpuru-Toma?s, F. Leo?n-Sa Avedra 210 $aSingapore ;$aHackensack, NJ $cWorld Scientific$dc2004 215 $a1 online resource (164 p.) 300 $a"The Course was held in 2002, from September 23 to 27, in the historical part of Ca?diz, a beautiful city surrounded by the Atlantic Ocean"--Preface. 311 $a981-256-060-2 320 $aIncludes bibliographical references. 327 $aContents; Introduction to the Uniform Classification of Banach Spaces Y. Benyamini; An Introduction to Local Duality for Banach Spaces M. Gonzalez; Orbits of Operators V. Muller; Genericity in Nonexpansive Mapping Theory E. Matouikovci, S. Reach and A . J . Zaslavski; Absolute-Valued Algebras, and Absolute-Valuable Banach Spaces A . R. Palacios 330 $aThis volume consists of a collection of articles from experts with a rich research and educational experience. The contributors of this volume are: Y Benyamini, M Gonza?lez, V Mu?ller, S Reich, E Matouskova, A J Zaslavski and A R Palacios. Each of their work is invaluable. For example, Benyamini's is the only updated survey of the exciting and active area of the classification of Banach spaces under uniformly continuous maps while Gonza?lez's article is a pioneer introduction to the theory of local duality for Banach spaces. 606 $aMathematical analysis$vCongresses 606 $aBanach spaces$vCongresses 606 $aInvariant subspaces 606 $aNonexpansive mappings 608 $aElectronic books. 615 0$aMathematical analysis 615 0$aBanach spaces 615 0$aInvariant subspaces. 615 0$aNonexpansive mappings. 676 $a515 701 $aAizpuru-Toma?s$b A$0883350 701 $aLeo?n-Saavedra$b F$0883351 801 0$bMiAaPQ 801 1$bMiAaPQ 801 2$bMiAaPQ 906 $aBOOK 912 $a9910451352003321 996 $aAdvanced courses of mathematical analysis I$91973055 997 $aUNINA LEADER 02177oem 2200613I 450 001 9910705263203321 005 20141003111419.0 035 $a(CKB)5470000002448733 035 $a(OCoLC)875429273 035 $a(EXLCZ)995470000002448733 100 $a20140402d2014 ua 101 0 $aeng 120 $ab|||||||||||| 121 $a||||||||| 124 $bd 135 $aurcn||||||||| 181 $ccri$2rdacontent 182 $cc$2rdamedia 183 $acr$2rdacarrier 200 10$aBathymetric maps and water-quality profiles of Table Rock and North Saluda Reservoirs, Greenville County, South Carolina /$fby Jimmy M. Clark [and three others] ; prepared in cooperation with Greenville Water 210 1$a[Reston, Va.] :$cU.S. Department of the Interior, U.S. Geological Survey,$d2014. 215 $a1 online resource (1 map) $ccolor 225 1 $aScientific investigations map ;$v3289 300 $aDepths shown by gradient tints. 300 $aRelief shown by contours and spot heights. 300 $aTitle from title screen (viewed Apr. 2, 2014). 300 $aIncludes text, 3 tables, chart, and location maps. 320 $aIncludes bibliographical references. 606 $aWater quality$zSouth Carolina$zGreenville County$vMaps 606 $aReservoirs$2fast 606 $aWater quality$2fast 607 $aNorth Saluda Reservoir (S.C.)$vMaps 607 $aTable Rock Reservoir (S.C.)$vMaps 607 $aSouth Carolina$zGreenville County$2fast 608 $aBathymetric maps.$2lcgft 608 $aMaps.$2fast 608 $aMaps.$2lcgft 615 0$aWater quality 615 7$aReservoirs. 615 7$aWater quality. 700 $aClark$b Jimmy M.$01403878 712 02$aGeological Survey (U.S.), 712 02$aGreenville Water (Agency : Greenville, S.C.), 801 0$bGPO 801 1$bGPO 801 2$bGPO 801 2$bCOO 801 2$bOCLCO 801 2$bOCLCF 801 2$bGPO 906 $aBOOK 912 $a9910705263203321 996 $aBathymetric maps and water-quality profiles of Table Rock and North Saluda Reservoirs, Greenville County, South Carolina$93477379 997 $aUNINA